Textbook of Management of Nursing Services and Education (Record no. 144121)

MARC details
000 -LEADER
fixed length control field 00438nam a2200145Ia 4500
008 - FIXED-LENGTH DATA ELEMENTS--GENERAL INFORMATION
fixed length control field 230314s9999 xx 000 0 und d
020 ## - INTERNATIONAL STANDARD BOOK NUMBER
International Standard Book Number 978-81-947276-5-1
041 ## - LANGUAGE CODE
Language code of text/sound track or separate title eng
082 ## - DEWEY DECIMAL CLASSIFICATION NUMBER
Classification number AD/610.6/ROH/DB0970
100 ## - MAIN ENTRY--PERSONAL NAME
Personal name Rohini T & Jisa George T
9 (RLIN) 180574
245 ## - TITLE STATEMENT
Title Textbook of Management of Nursing Services and Education
260 ## - PUBLICATION, DISTRIBUTION, ETC. (IMPRINT)
Name of publisher, distributor, etc. Vision Health Sciences Publishers
Place of publication, distribution, etc. Panjab
Date of publication, distribution, etc. 2021
300 ## - PHYSICAL DESCRIPTION
Extent 416p
Holdings
Withdrawn status Lost status Damaged status Not for loan Collection code Home library Current library Date acquired Cost, normal purchase price Bill number Total Checkouts Total Renewals Full call number Barcode Date last seen Date last checked out Bill Date Koha item type Original Barcode
          Smt. Bakul Tambat Institute of Nursing Education Smt. Bakul Tambat Institute of Nursing Education 16/04/2022 595.00 55 14 14 AD 610.6 ROH DB0970 BTIN-DB-970 29/01/2026 15/12/2025 16/04/2022 Donated Book DB0970